[Event "Druzynowe Mistrzostwa Polski Juniorow 2018 - II Liga"]
[Site "Szczyrk"]
[Date "1899-12-30"]
[Round "7.104"]
[White "Zychlewicz, Tomasz"]
[Black "Guzik, Natalia"]
[Result "0-1"]
[WhiteTitle "II"]
[BlackTitle "I++"]
[WhiteElo "1252"]
[BlackElo "1668"]

1. e4 c5 2. Nf3 Nc6 3. d4 cxd4 4. Nxd4 g6 5. c4 Nf6 6. Nc3 d6 7. Bg5 Bg7 8. Be2
Nxe4 9. Nxc6 Nxc3 10. Nxd8 Nxd1 11. Nxf7 Nxf2 12. Nxd6+ exd6 13. Kxf2 O-O 14.
Ke1 Bxb2 15. Rb1 Bf6 16. Be3 Re8 17. Kf2 Bf5 18. Rxb7 Bh4+ 19. g3 Be4 20. Bf3
Bxb7 21. Bxb7 Rab8 22. Bd5+ Kg7 23. gxh4 Rb2+ 24. Kf3 Rxa2 25. Bf4 Ra3+ 26. Kg4
h5+ 27. Kg5 Rf8 28. Be6 Ra5+ 29. Be5+ Rxe5+ 30. Bf5 Rexf5# 0-1

[Event "Druzynowe Mistrzostwa Polski Juniorow 2018 - II Liga"]
[Site "Szczyrk"]
[Date "1899-12-30"]
[Round "7.105"]
[White "Wojtasik, Szymon"]
[Black "Baszczynski, Gabriel"]
[Result "1-0"]
[WhiteTitle "II"]
[BlackTitle "II"]
[WhiteElo "1343"]
[BlackElo "1370"]

1. e4 c5 2. Nf3 e6 3. d4 cxd4 4. Nxd4 Nf6 5. Bd3 a6 6. O-O Qc7 7. Qe2 d6 8. Nc3
Be7 9. Bd2 Nbd7 10. Kh1 O-O 11. f4 Nc5 12. e5 Nfd7 13. Rae1 Nxd3 14. cxd3 b6 15.
Nf3 Bb7 16. d4 d5 17. g4 Rfe8 18. f5 Nf8 19. h4 f6 20. Bf4 Qc4 21. Qg2 fxe5 22.
Bxe5 Nd7 23. Qf2 Nxe5 24. Nxe5 Qc7 25. g5 Rf8 26. Qc2 Bc8 27. fxe6 Bxe6 28. Qg2
Bd6 29. Nxd5 Qd8 30. Nc3 Qc8 31. Rxf8+ Kxf8 32. Qf3+ Kg8 33. d5 Bd7 34. Qf7+ Kh8
35. Qxd7 Bxe5 36. Qxc8+ Rxc8 37. Rxe5 Kg8 38. d6 Kf7 39. Re7+ Kf8 40. d7 Rd8 41.
Nd5 b5 42. Kg2 1-0

[Event "Druzynowe Mistrzostwa Polski Juniorow 2018 - II Liga"]
[Site "Szczyrk"]
[Date "1899-12-30"]
[Round "7.106"]
[White "Gorczynski, Aleksander"]
[Black "Chrobot, Tomasz"]
[Result "0-1"]
[WhiteTitle "IV"]
[BlackTitle "IV"]
[WhiteElo "1000"]
[BlackElo "1033"]

1. e4 e5 2. Nf3 Nc6 3. d4 exd4 4. Nxd4 Bc5 5. Be3 Qf6 6. c3 Nge7 7. Nd2 O-O 8.
Qc2 Bxd4 9. cxd4 Nxd4 10. Qc3 Ne6 11. Qxf6 gxf6 12. Bd3 d6 13. O-O Nc5 14. Bc2
f5 15. e5 Be6 16. f4 Nd5 17. Rf3 Nxe3 18. Rxe3 Rad8 19. exd6 Rxd6 20. Nf3 Rfd8
21. b3 Nd7 22. Ng5 h6 23. Nxe6 fxe6 24. Rae1 Kf7 25. b4 c5 26. b5 Nb6 27. a4 Nd5
28. Re5 Nxf4 29. Bb3 Kf6 30. R5e3 Nd5 31. R3e2 Re8 32. Rd2 Re7 33. Bc4 b6 34.
Kf2 Red7 35. Rde2 Re7 36. g3 e5 37. Rd1 Red7 38. Rde1 e4 39. g4 Nc3 40. Re3 Rd2+
41. Kg3 Nd5 42. Bxd5 R2xd5 43. gxf5 Rd3 44. Kf4 Rxe3 45. Rxe3 Rd4 46. Ra3 e3+
47. Kxe3 Kxf5 48. a5 Rb4 49. axb6 axb6 50. Kf3 Rxb5 51. Ra8 Rb3+ 52. Kg2 c4 53.
Rf8+ Ke4 54. Re8+ Kd5 55. Rd8+ Kc5 56. Rc8+ Kb4 57. Rb8 b5 0-1

[Event "Druzynowe Mistrzostwa Polski Juniorow 2018 - II Liga"]
[Site "Szczyrk"]
[Date "1899-12-30"]
[Round "7.108"]
[White "Chlasta, Joanna"]
[Black "Zajac, Aleksandra"]
[Result "0-1"]
[WhiteTitle "IV"]
[BlackTitle "III"]
[WhiteElo "1000"]
[BlackElo "1000"]

1. e4 e5 2. Nf3 Nc6 3. d4 exd4 4. Nxd4 Bc5 5. Be3 Qf6 6. c3 Nge7 7. Be2 a6 8. O-O
d6 9. Nxc6 Nxc6 10. Bxc5 dxc5 11. Bf3 O-O 12. Na3 Be6 13. Nc2 Rad8 14. Qe1 Ne5
15. Qe3 Nxf3+ 16. Qxf3 Qxf3 17. gxf3 Rd2 18. Rac1 Bxa2 19. Rfd1 Rfd8 20. Rxd2
Rxd2 21. Ne3 Rxb2 22. Kg2 Rd2 23. Nf1 Rd8 24. Rc2 Bc4 25. Ne3 Be6 26. Rb2 b6 27.
Nf5 Bxf5 28. exf5 Rd5 29. Re2 Kf8 30. c4 Rxf5 31. Rd2 Ke7 32. Kg3 Rf6 33. Re2+
Re6 34. Rd2 Rd6 35. Re2+ Kd7 36. Re4 Rd4 37. Rxd4+ cxd4 38. Kg2 a5 39. Kf1 a4
40. Ke2 a3 41. Kd3 a2 42. Kxd4 Qa1+ 43. Kd3 Kd6 44. h4 Kc5 45. f4 Qd4+ 46. Ke2
Qxc4+ 47. Ke3 Kd5 48. f5 Qxh4 49. f3 Qg5+ 50. Kf2 Qxf5 51. Ke3 Kc4 52. Kf2 Kd3
53. Kg2 g5 54. Kf2 g4 55. Kg2 Qxf3+ 56. Kh2 f5 57. Kg1 Qe2 58. Kh1 g3 59. Kg1
Qf2+ 60. Kh1 Qh2# 0-1

[Event "Druzynowe Mistrzostwa Polski Juniorow 2018 - II Liga"]
[Site "Szczyrk"]
[Date "1899-12-30"]
[Round "8.1"]
[White "Luczak, Filip"]
[Black "Lis, Mateusz"]
[Result "1-0"]
[WhiteTitle "CM"]
[BlackTitle "k"]
[WhiteElo "2044"]
[BlackElo "2102"]

1. Nf3 Nf6 2. g3 g6 3. Bg2 Bg7 4. O-O O-O 5. d4 d6 6. Re1 Nbd7 7. e4 e5 8. Nc3
Re8 9. d5 Rf8 10. b4 Nh5 11. Rb1 a5 12. a3 b6 13. Nb5 axb4 14. axb4 h6 15. Rb3
Ba6 16. c4 Bxb5 17. cxb5 Ra4 18. Nh4 Ra2 19. Nf5 gxf5 20. Qxh5 f4 21. gxf4 exf4
22. Bxf4 Qf6 23. Qf5 Qd4 24. Rf1 Ne5 25. Rg3 Ng6 26. Be3 Qe5 27. Qxe5 dxe5 28.
Rc1 Rb2 29. Rxc7 Rxb4 30. d6 Rd8 31. d7 Kh7 32. Bh3 Rb1+ 33. Rc1 Rxb5 34. Bf5
Bf6 35. Rh3 Rb3 36. Rxh6+ Kg7 37. Rh3 Nf4 38. Rg3+ Ng6 39. Bh6+ Kxh6 40. Rxb3
Nf4 41. Rc8 1-0

[Event "Druzynowe Mistrzostwa Polski Juniorow 2018 - II Liga"]
[Site "Szczyrk"]
[Date "1899-12-30"]
[Round "8.2"]
[White "Bachor, Tomasz"]
[Black "Grzesik, Gracjan"]
[Result "1-0"]
[WhiteTitle "I"]
[BlackTitle "I"]
[WhiteElo "1844"]
[BlackElo "1884"]

1. e4 c5 2. Nf3 d6 3. d4 cxd4 4. Nxd4 Nf6 5. Nc3 a6 6. Be2 e5 7. Nb3 Be7 8. Bg5
Be6 9. Bxf6 Bxf6 10. Qd3 O-O 11. O-O-O Be7 12. Nd5 Bxd5 13. Qxd5 Nc6 14. c3 Qc7
15. Kb1 b5 16. Nd2 Rfb8 17. Rc1 Qb6 18. Rhf1 Bg5 19. f4 Ne7 20. Qb3 Bxf4 21. Rcd1
a5 22. a4 bxa4 23. Qxb6 Rxb6 24. Nc4 Rb3 25. Kc2 Rab8 26. g3 Bg5 27. Rxd6 Bf6
28. Ra1 Ng6 29. Rxa4 Nf8 30. Bg4 Be7 31. Rd5 f6 32. Raxa5 Kf7 33. Ra7 R3b7 34.
Rxb7 Rxb7 35. b4 Ne6 36. Bxe6+ Kxe6 37. Ra5 Bd8 38. Ra6+ Kd7 39. Kb3 Bc7 40. Ne3
Bb6 41. Nd5 Bg1 42. c4 h5 43. h3 Bf2 44. g4 h4 45. Ka4 Bd4 46. c5 Rb8 47. c6+
Kc8 48. c7 Rb7 49. Ra8+ 1-0

[Event "Druzynowe Mistrzostwa Polski Juniorow 2018 - II Liga"]
[Site "Szczyrk"]
[Date "1899-12-30"]
[Round "8.3"]
[White "Majewski, Krzysztof"]
[Black "Karwacki, Piotr"]
[Result "1/2-1/2"]
[WhiteTitle "II+"]
[BlackTitle "I"]
[WhiteElo "1695"]
[BlackElo "1828"]

1. c4 e5 2. Nc3 Nf6 3. g3 c6 4. Bg2 d5 5. cxd5 cxd5 6. Qb3 Nc6 7. e3 Nb4 8. Nf3
Nd3+ 9. Kf1 e4 10. Ne1 Nc5 11. Qc2 Qb6 12. Kg1 Bf5 13. Na4 Qc6 14. Nxc5 Qxc5 15.
Qxc5 Bxc5 16. b3 Rc8 17. Bb2 Ke7 18. Nc2 Bb6 19. Nd4 Bxd4 20. Bxd4 Bg4 21. h3
Bf3 22. Kh2 Rc6 23. Rhc1 Rhc8 24. Rc3 Rxc3 25. dxc3 b5 26. a3 Bxg2 27. Kxg2 a6
28. Kf1 Nd7 29. Ke2 Nc5 30. Bxc5+ Rxc5 31. Kd2 Rc6 32. a4 bxa4 33. Rxa4 Rf6 34.
Ke2 Rc6 35. Kd2 Rf6 36. Ke2 Rc6 1/2-1/2

[Event "Druzynowe Mistrzostwa Polski Juniorow 2018 - II Liga"]
[Site "Szczyrk"]
[Date "1899-12-30"]
[Round "8.4"]
[White "Wierzbicki, Dawid"]
[Black "Wolaniecki, Patryk"]
[Result "0-1"]
[WhiteTitle "I"]
[BlackTitle "I"]
[WhiteElo "1487"]
[BlackElo "1713"]

1. e4 c5 2. Nf3 e6 3. d3 Nf6 4. g3 Be7 5. Bg2 O-O 6. Be3 Nc6 7. h3 d5 8. Nbd2 d4
9. Bg5 Nd7 10. Bxe7 Qxe7 11. O-O b5 12. Re1 Bb7 13. Nh4 Nb6 14. f4 f6 15. f5 e5
16. Qe2 Na4 17. Reb1 Rfc8 18. Nf1 Ba6 19. Nh2 c4 20. a3 Rab8 21. Ng4 cxd3 22.
cxd3 Na5 23. Qd1 Qf7 24. Rc1 Nxb2 25. Rxc8+ Rxc8 26. Qd2 Nb3 27. Qxb2 Nxa1 28.
Qxa1 Rc2 29. Qb1 Rc3 30. Nf3 Qb3 31. Qxb3+ Rxb3 32. Ngxe5 fxe5 33. Nxe5 Rxa3 34.
Nc6 Rxd3 35. e5 Rd1+ 36. Kh2 Rd2 37. Kg1 Rxg2+ 38. Kxg2 Bb7 39. Kf2 Bxc6 40. Ke2
Be4 41. g4 b4 42. Kd2 b3 43. Kc1 d3 44. e6 d2+ 45. Kxd2 b2 46. Ke3 Qb1 47. Kf4
Bc6 48. Ke5 Qd3 49. Kf4 Qe4+ 50. Kg3 Qf3+ 51. Kh4 Qf2+ 52. Kg5 Be8 53. e7 h6#
0-1

[Event "Druzynowe Mistrzostwa Polski Juniorow 2018 - II Liga"]
[Site "Szczyrk"]
[Date "1899-12-30"]
[Round "8.5"]
[White "Trembowiecka-wysota, Aleksandra"]
[Black "Cebula, Alicja"]
[Result "1-0"]
[WhiteTitle "I"]
[BlackTitle "I"]
[WhiteElo "1555"]
[BlackElo "1583"]

1. e4 c5 2. Nf3 e6 3. d4 cxd4 4. Nxd4 a6 5. Bd3 b5 6. a4 b4 7. Be3 Bb7 8. f4 Qc7
9. Nd2 Nf6 10. O-O Be7 11. Rc1 O-O 12. c3 Nc6 13. Kh1 bxc3 14. bxc3 d5 15. e5
Nd7 16. Qh5 g6 17. Nxe6 fxe6 18. Bxg6 Nf6 19. exf6 Bxf6 20. Bb1 Rae8 21. Rf3 Nd4
22. Rg3+ Kh8 23. Bxh7 Qxh7 24. Qxh7+ Kxh7 25. Bxd4 Bxd4 26. cxd4 Rc8 27. Rgc3
Kg6 28. g3 Kf5 29. Kg2 Rxc3 30. Rxc3 Rc8 31. Rxc8 Bxc8 32. Kf3 a5 33. g4+ Kg6
34. Nb3 Bd7 35. Nc5 Be8 36. h4 Kh6 37. Ke3 Kg6 38. Kd3 Kh6 39. Kc3 Bc6 40. Kb3
Kg6 41. Nxe6 Kf6 42. f5 1-0

[Event "Druzynowe Mistrzostwa Polski Juniorow 2018 - II Liga"]
[Site "Szczyrk"]
[Date "1899-12-30"]
[Round "8.6"]
[White "Mroz, Lena"]
[Black "Bienko, Jagoda"]
[Result "1-0"]
[WhiteTitle "I++"]
[BlackTitle "I"]
[WhiteElo "1566"]
[BlackElo "1436"]

1. e4 c5 2. Nf3 d6 3. d4 cxd4 4. Qxd4 Nc6 5. Bb5 Bd7 6. Qd3 Nf6 7. Nc3 e6 8. Bg5
h6 9. Bh4 a6 10. Bxc6 Bxc6 11. O-O-O Be7 12. Nd4 d5 13. e5 Nd7 14. Bxe7 Qxe7 15.
f4 Nc5 16. Qe3 O-O-O 17. Rhf1 Rhf8 18. Rde1 Qc7 19. g4 g6 20. f5 gxf5 21. gxf5
h5 22. fxe6 fxe6 23. b4 Na4 24. Rxf8 Rxf8 25. Nxe6 Qe7 26. Nxf8 Qxf8 27. Nxa4
Bxa4 28. Qc3+ Kb8 29. e6 Qf4+ 30. Qd2 Qxd2+ 31. Kxd2 Kc7 32. e7 Be8 33. Kd3 Kd6
34. Kd4 b6 35. h4 a5 36. bxa5 bxa5 37. a4 Kc6 38. Re6+ Kd7 39. Kxd5 Bf7 40. Qe8+
Bxe8 41. Rxe8 Kxe8 42. Kd6 Kd8 43. c4 Kc8 44. c5 1-0

[Event "Druzynowe Mistrzostwa Polski Juniorow 2018 - II Liga"]
[Site "Szczyrk"]
[Date "1899-12-30"]
[Round "8.7"]
[White "Kukula, Karol"]
[Black "Norek, Bartosz"]
[Result "0-1"]
[WhiteTitle "I"]
[BlackTitle "I"]
[WhiteElo "1741"]
[BlackElo "1784"]

1. e4 c6 2. d4 d5 3. Nc3 dxe4 4. Nxe4 Bf5 5. Ng3 Bg6 6. h4 h6 7. Nf3 Nd7 8. h5
Bh7 9. Bd3 Bxd3 10. Qxd3 e6 11. Bd2 Ngf6 12. O-O-O Be7 13. Qe2 O-O 14. Ne5 Qc7
15. Ng6 Rfe8 16. Nxe7+ Rxe7 17. Ne4 Rc8 18. Bb4 c5 19. Nxf6+ Nxf6 20. Bxc5 Rd7
21. Kb1 b6 22. Ba3 Rd5 23. b3 b5 24. Bb2 a5 25. Rd3 Qb7 26. Rc3 Rcd8 27. Rc5 b4
28. Rxd5 Nxd5 29. Qf3 a4 30. Rc1 axb3 31. cxb3 Ra8 32. Qe2 Qa7 33. Ba1 Nf4 34.
Qd2 Nd5 35. Rc2 Qa6 36. g3 Qf1+ 37. Rc1 Qh3 38. Qc2 Qxh5 39. Bb2 Qg5 40. Ba1 h5
41. Bb2 g6 42. Qd3 h4 43. gxh4 Qxh4 44. Qf3 Qg5 45. Qd3 Qf4 46. f3 Qh2 47. Rc2
Qg3 48. Qe2 Qg1+ 49. Rc1 Qg5 50. Qd3 Kg7 51. Qe4 Qg2 52. Qc2 Qxf3 53. Re1 Qg3
54. Rh1 Rh8 55. Rxh8 Kxh8 56. a3 Qe1+ 57. Ka2 Kg7 58. a4 Qf1 59. Qd2 f6 60. Qh2
g5 61. Qd2 g4 62. Bc1 Kf7 63. Qh6 Qe2+ 64. Ka1 Qc2 65. Bb2 Qxb3 66. Qh7+ Ke8 67.
Qg8+ Kd7 68. Qg7+ Kc6 69. Qxg4 Nc3 70. Qf3+ Qd5 71. Qxd5+ Nxd5 72. Ka2 f5 73.
Bc1 f4 74. Bd2 Kb6 75. Kb3 f3 76. Be1 Nf4 77. Bh4 Nd3 78. Kc4 f2 79. Bxf2 Nxf2
80. Kxb4 Nd3+ 81. Kc4 Nf4 82. a5+ Kxa5 83. Kc5 Ka4 84. Kd6 Kb4 85. Ke5 Kc4 0-1

[Event "Druzynowe Mistrzostwa Polski Juniorow 2018 - II Liga"]
[Site "Szczyrk"]
[Date "1899-12-30"]
[Round "8.8"]
[White "Hryn, Zofia"]
[Black "Tustanowski, Mateusz"]
[Result "0-1"]
[WhiteTitle "I++"]
[BlackTitle "I++"]
[WhiteElo "1668"]
[BlackElo "2078"]

1. d4 Nf6 2. c4 c5 3. Nf3 cxd4 4. Nxd4 b6 5. Nc3 Bb7 6. Bg5 Na6 7. e3 Nc5 8. Nf3
Nfe4 9. Nxe4 Nxe4 10. Bf4 e5 11. Nxe5 Bb4+ 12. Ke2 g5 13. Bg3 Bc3 14. Nxf7 Kxf7
15. Qb3 Nxg3+ 16. hxg3 Bf6 17. Qd3 Kg7 18. Rd1 Qe7 19. Qxd7 Rad8 20. Qxe7+ Bxe7
21. f3 Bf6 22. b3 g4 23. Rc1 Rd7 24. Kf2 Rd2+ 25. Be2 Rxa2 26. Rcd1 Bc8 27. Rh5
Rd8 28. Rhd5 Rxd5 29. Rxd5 Rb2 30. Rd3 a5 31. Ke1 Kf7 32. Kf1 Ke7 33. Bd1 Be6
34. Kg1 a4 35. b4 Bxc4 0-1

[Event "Druzynowe Mistrzostwa Polski Juniorow 2018 - II Liga"]
[Site "Szczyrk"]
[Date "1899-12-30"]
[Round "8.9"]
[White "Pisarek, Elzbieta"]
[Black "Wielgus, Wojciech"]
[Result "0-1"]
[WhiteTitle "I"]
[BlackTitle "I"]
[WhiteElo "1498"]
[BlackElo "1652"]

1. e4 c5 2. Nf3 e6 3. d4 cxd4 4. Nxd4 a6 5. Nc3 b5 6. Bd3 Qb6 7. Nf3 Qc7 8. O-O
Bb7 9. a3 d6 10. Qe2 Nd7 11. Be3 Ngf6 12. h3 Be7 13. Nd2 O-O 14. f4 Rac8 15. Rad1
Nc5 16. Rc1 Rfd8 17. Bf2 e5 18. f5 d5 19. exd5 Nxd5 20. Nxd5 Bxd5 21. Bxc5 Bxc5+
22. Kh1 f6 23. Ne4 Ba7 24. Rfd1 Kh8 25. Nc3 Bf7 26. Ne4 Qb6 27. Qf3 h6 28. Kh2
Kh7 29. Qe2 Rc6 30. Qf3 Rc7 31. Qe2 Rcd7 32. Qf3 Rd4 33. c3 R4d7 34. Bc2 Bc4 35.
Rxd7 Rxd7 36. Qg4 Bf7 37. Qe2 Qc6 38. Rd1 Rxd1 39. Qxd1 Bd5 40. Qe2 Bb6 41. Bd3
Ba7 42. Bc2 Qb6 43. Qe1 Bc4 44. Kh1 Qc6 45. Qd2 Bd5 46. Qe2 Qb6 47. Qe1 Qe3 48.
Qxe3 Bxe3 49. b3 Kg8 50. Kh2 Kf8 51. Kg3 Ke7 52. Kf3 Bb6 53. Ke2 Kd7 54. Kd3 Ba7
55. Bd1 Bf7 56. Be2 Bxb3 57. Kd2 Bd5 58. Bd3 Kc6 59. Kc2 Bc5 60. Nxc5 Kxc5 61.
g3 Bc4 62. Be4 Bd5 63. Bd3 Kd6 64. h4 e4 65. Be2 Ke5 66. Bg4 Bg8 67. Bh3 Bh7 68.
Bf1 Bxf5 69. Kd2 Be6 70. Ke3 f5 71. Be2 g5 72. hxg5 hxg5 73. Kf2 f4 74. gxf4+
gxf4 75. Bf1 Bc4 76. Bh3 a5 77. Ke1 a4 78. Kf2 Bd3 79. Ke1 Kd5 80. Kd2 Ke5 81.
Bg4 Kf6 82. Bh5 Kg5 83. Bd1 Kh4 84. Ke1 Kg3 85. Bh5 f3 0-1

[Event "Druzynowe Mistrzostwa Polski Juniorow 2018 - II Liga"]
[Site "Szczyrk"]
[Date "1899-12-30"]
[Round "8.10"]
[White "Warchol, Kamil"]
[Black "Pisarek, Jan"]
[Result "0-1"]
[WhiteTitle "CM"]
[BlackTitle "II"]
[WhiteElo "1540"]
[BlackElo "1339"]

1. e4 e5 2. Nf3 Nf6 3. Nxe5 d6 4. Nf3 Nxe4 5. d4 d5 6. Bd3 Bd6 7. O-O O-O 8. c4
c6 9. Nc3 Nxc3 10. bxc3 Bg4 11. Re1 Re8 12. Be3 Nd7 13. h3 Bh5 14. Be2 Bg6 15.
Qb3 Qb6 16. Nd2 Nf6 17. Bf3 Qxb3 18. axb3 Bc7 19. Bg5 Ne4 20. Nxe4 dxe4 21. Be2
h6 22. Be3 f5 23. d5 Be5 24. Rxa7 Rxa7 25. Bxa7 cxd5 26. cxd5 Bxc3 27. Rc1 Be5
28. Bc4 Bf7 29. Bc5 Rd8 30. Rd1 g6 31. Kf1 Kg7 32. Ke2 Kf6 33. Ke3 g5 34. Ke2
Rd7 35. Kf1 f4 36. Rd2 Kf5 37. Rd1 Bd6 38. Bd4 Be5 39. Bc5 Kf6 40. Rd2 Kf5 41.
Rd1 h5 42. Ke2 g4 0-1

[Event "Druzynowe Mistrzostwa Polski Juniorow 2018 - II Liga"]
[Site "Szczyrk"]
[Date "1899-12-30"]
[Round "8.11"]
[White "Wojcik, Jagoda"]
[Black "Hryn, Aleksandra"]
[Result "0-1"]
[WhiteTitle "I++"]
[BlackTitle "I"]
[WhiteElo "1599"]
[BlackElo "1643"]

1. e4 c5 2. Nf3 d6 3. d4 cxd4 4. Nxd4 Nf6 5. Nc3 a6 6. Bd3 e6 7. O-O Be7 8. a4
O-O 9. a5 Nc6 10. Nb3 Nd7 11. Be3 b5 12. axb6 Nxb6 13. Qe2 Nb4 14. Na5 Qc7 15.
Nc4 Nxc4 16. Bxc4 Nxc2 17. Rac1 Nxe3 18. Qxe3 Qxc4 19. Nd5 exd5 20. Rxc4 dxc4
21. f4 Bd7 22. Qg3 Bb5 23. Qc3 Rad8 24. Qg3 c3 25. Rb1 c2 26. Rc1 Rc8 27. Qb3
Rc4 28. Rxc2 Rxe4 29. Qg3 Bf6 30. h4 d5 31. h5 h6 32. Qf3 Bd4+ 33. Kh2 Rfe8 34.
Rd2 Rxf4 35. Qxd5 Bf6 36. g3 Rfe4 37. Qf5 R4e5 38. Qg4 Be2 39. Qa4 Rxh5+ 40. Kg2
Bb5 41. Qg4 Rhe5 42. b3 Re1 43. Rc2 R1e2+ 44. Rxe2 Bxe2 45. Qf5 Bb5 46. Qg4 Rd8
47. Qe4 Rc8 48. Kh2 Re8 49. Qb7 g6 50. Qf3 Kg7 51. Qf4 Re2+ 52. Kg1 Rb2 53. Qb4
h5 54. Kh1 Bc6+ 55. Kg1 Rg2+ 56. Kf1 Rxg3 57. Qd6 Bb5+ 0-1

[Event "Druzynowe Mistrzostwa Polski Juniorow 2018 - II Liga"]
[Site "Szczyrk"]
[Date "1899-12-30"]
[Round "8.12"]
[White "Kieca, Aleksandra"]
[Black "Bialek, Alicja"]
[Result "1-0"]
[WhiteTitle "I"]
[BlackTitle "I"]
[WhiteElo "1458"]
[BlackElo "1308"]

1. e4 e5 2. Nf3 Nf6 3. Nxe5 d6 4. Nf3 Nxe4 5. d4 d5 6. Bd3 Be7 7. c4 c6 8. O-O
O-O 9. Re1 f5 10. Qb3 Kh8 11. Nc3 dxc4 12. Bxc4 Nf6 13. Bf4 h6 14. Ne5 Kh7 15.
Nf7 Qd7 16. Be6 Qxd4 17. Bxb8 Bxe6 18. Qxe6 Bc5 19. Bg3 f4 20. Rad1 Qb4 21. Bh4
Qxb2 22. Na4 Qb4 23. Nxc5 Rae8 24. Qf5+ g6 25. Qb1 Qxb1 26. Rxb1 Rxe1+ 27. Rxe1
Rxf7 28. Bxf6 Rxf6 29. Re7+ Kg8 30. Rxb7 Rf5 31. Nb3 a5 32. Ra7 g5 33. Rxa5 Rd5
34. Rxd5 cxd5 35. a4 1-0

[Event "Druzynowe Mistrzostwa Polski Juniorow 2018 - II Liga"]
[Site "Szczyrk"]
[Date "1899-12-30"]
[Round "8.13"]
[White "Karpus, Michal"]
[Black "Sloniewski, Michal"]
[Result "1-0"]
[WhiteTitle "FM"]
[BlackTitle "I"]
[WhiteElo "2364"]
[BlackElo "1806"]

1. e4 e5 2. Nf3 Nc6 3. Bc4 Bc5 4. c3 Nf6 5. d3 O-O 6. O-O d6 7. Nbd2 Be6 8. h3
a6 9. Re1 Re8 10. Bb3 Ba7 11. Nf1 d5 12. Qc2 d4 13. Ng3 Qd7 14. Bg5 Kh8 15. Bxf6
gxf6 16. Nh5 Qe7 17. Bd5 Rg8 18. Kh2 Rad8 19. Bxc6 bxc6 20. cxd4 Bxd4 21. Nxd4
Rxd4 22. Qxc6 f5 23. Ng3 f4 24. Nf5 Qg5 25. Rg1 Bxf5 26. exf5 Rxd3 27. Qe4 Rd2
28. Qxe5+ f6 29. Qc5 h5 30. Rac1 h4 31. Kh1 Rxb2 32. Qd4 Rxa2 33. Rxc7 Qxf5 34.
Rc5 Qe6 35. Qxf4 Rg7 36. Qxh4+ Kg8 37. Rd1 Rd7 38. Rxd7 Qxd7 39. Qc4+ Kf8 40.
Rc8+ Ke7 41. Rc7 1-0

[Event "Druzynowe Mistrzostwa Polski Juniorow 2018 - II Liga"]
[Site "Szczyrk"]
[Date "1899-12-30"]
[Round "8.14"]
[White "Lendzion, Kamil"]
[Black "Poltorak, Sebastian"]
[Result "1/2-1/2"]
[WhiteTitle "II+"]
[BlackTitle "I"]
[WhiteElo "1663"]
[BlackElo "1810"]

1. e4 c6 2. d4 d5 3. Nc3 dxe4 4. Nxe4 Bf5 5. Ng3 Bg6 6. h4 h6 7. h5 Bh7 8. Nf3
Nd7 9. Bd3 Bxd3 10. Qxd3 e6 11. Bd2 Ngf6 12. O-O-O Be7 13. Ne4 Nxe4 14. Qxe4 Nf6
15. Qe2 Qd5 16. c4 Qe4 17. Be3 Ng4 18. Qc2 Qxc2+ 19. Kxc2 Bf6 20. Nh2 Nxh2 21.
Rxh2 O-O-O 22. b4 Rd7 23. f4 Rhd8 24. Kc3 b6 25. g4 e5 26. fxe5 Bxe5 27. Rhd2
Bf6 28. Kc2 Re8 29. Rd3 Rde7 30. Kd2 Re4 31. Rg1 c5 32. bxc5 bxc5 33. dxc5 Rxc4
34. Rb3 Rce4 35. g5 hxg5 36. Bxg5 Bd4 37. Rgb1 Kc7 38. Rb7+ Kc6 39. Rxf7 Rg4 40.
Be7 Rg3 1/2-1/2

[Event "Druzynowe Mistrzostwa Polski Juniorow 2018 - II Liga"]
[Site "Szczyrk"]
[Date "1899-12-30"]
[Round "8.15"]
[White "Meers, Hubert"]
[Black "Zarebska, Lena"]
[Result "1-0"]
[WhiteTitle "I+"]
[BlackTitle "I++"]
[WhiteElo "1808"]
[BlackElo "1817"]

1. e4 c5 2. Nf3 Nc6 3. d4 cxd4 4. Nxd4 g6 5. Nc3 Bg7 6. Nde2 Nf6 7. g3 O-O 8. Bg2
d6 9. O-O Be6 10. h3 Qc8 11. Kh2 Rd8 12. Nd5 Bxd5 13. exd5 Ne5 14. Nd4 Qc5 15.
Nb3 Qb5 16. a4 Qc4 17. f4 Ned7 18. c3 Nb6 19. Re1 Bf8 20. Na5 Qc7 21. Nb3 Nc4
22. Qe2 a6 23. Be3 Nxe3 24. Qxe3 b5 25. Nd4 bxa4 26. Nc6 Re8 27. Rxa4 e6 28. dxe6
Rxe6 29. Qd2 Rxe1 30. Qxe1 Re8 31. Qf2 d5 32. Nb4 Bc5 33. Nxa6 Bxf2 34. Nxc7 Re2
35. Bf3 Rxb2 36. Nxd5 Be1+ 37. Kh1 Nd7 38. g4 Nc5 39. Ra8+ Kg7 40. g5 Nd7 41.
Rd8 Nf8 42. c4 Bg3 43. c5 Rc2 44. Rc8 Ne6 45. Nf6 Nf8 46. c6 Bxf4 47. c7 Bxc7
48. Ne8+ Kg8 49. Nxc7 Rd2 50. Ne8 Rf2 51. Nf6+ Kg7 52. Bd5 Re2 53. Rc7 Ne6 54.
Bxe6 Rxe6 55. Rc8 Rxf6 56. gxf6+ Kxf6 57. Kg2 g5 58. Kf3 h5 59. Rc6+ Kf5 60. Rh6
g4+ 61. hxg4+ hxg4+ 62. Kg3 Kg5 63. Ra6 f6 64. Ra5+ f5 65. Rb5 Kg6 66. Kf4 g3
67. Kxg3 Kg5 68. Kf3 1-0

[Event "Druzynowe Mistrzostwa Polski Juniorow 2018 - II Liga"]
[Site "Szczyrk"]
[Date "1899-12-30"]
[Round "8.16"]
[White "Libura, Julianna"]
[Black "Zabrzanska, Weronika"]
[Result "1/2-1/2"]
[WhiteTitle "I"]
[BlackTitle "I++"]
[WhiteElo "1540"]
[BlackElo "1570"]

1. e4 d5 2. exd5 Qxd5 3. Nc3 Qd6 4. d4 Nf6 5. h3 a6 6. a4 b6 7. Nf3 e6 8. g3 Bb7
9. Bg2 Be7 10. O-O O-O 11. Bf4 Qd8 12. Qe2 Nbd7 13. Rfd1 Re8 14. Qc4 Nd5 15. Nxd5
Bxd5 16. Qd3 Bf6 17. c4 Bb7 18. h4 c5 19. Ng5 Bxg5 20. Bxb7 Ra7 21. Bxg5 f6 22.
Bc6 fxg5 23. dxc5 Re7 24. cxb6 Qxb6 25. Bxd7 Raxd7 26. Qxd7 Rxd7 27. Rxd7 Qxb2
28. Rad1 gxh4 29. gxh4 Qe2 30. R1d3 Qe1+ 31. Kg2 Qe4+ 32. Rf3 Qg4+ 33. Rg3 Qe4+
34. Kg1 Qe1+ 35. Kg2 Qe4+ 1/2-1/2

[Event "Druzynowe Mistrzostwa Polski Juniorow 2018 - II Liga"]
[Site "Szczyrk"]
[Date "1899-12-30"]
[Round "8.17"]
[White "Leczek, Weronika"]
[Black "Przepiora, Anna"]
[Result "0-1"]
[WhiteTitle "k"]
[BlackTitle "I"]
[WhiteElo "1832"]
[BlackElo "1593"]

1. e4 c5 2. Nf3 Nc6 3. d4 cxd4 4. Nxd4 Nf6 5. Nc3 g6 6. g3 Bg7 7. Nde2 O-O 8. Bg2
d6 9. O-O Bd7 10. h3 Rc8 11. Be3 Ne5 12. b3 Qa5 13. f4 Rxc3 14. Qe1 Rc5 15. b4
Qa3 16. Bc1 Qa6 17. bxc5 Nc4 18. c3 dxc5 19. g4 Bc6 20. Ng3 Rd8 21. Be3 Nxe3 22.
Qxe3 Rd3 23. Qe1 c4 24. Rf3 Nd7 25. Rxd3 cxd3 26. Qd2 Qc4 27. e5 Bxg2 28. Kxg2
Bh6 29. g5 Bf8 30. Re1 Nc5 31. Re3 Qxf4 32. Qf2 Qxg5 33. h4 Qxh4 34. Ne4 Qxf2+
35. Kxf2 Nxe4+ 36. Rxe4 e6 37. Ke3 Bc5+ 38. Kxd3 b5 39. a4 bxa4 40. Rxa4 h5 41.
Kc4 Be3 42. Kb5 g5 43. Re4 Bb6 44. c4 g4 45. c5 Bd8 46. Kc6 g3 47. Kd7 Ba5 48.
Re2 h4 49. Rg2 Kg7 50. c6 f6 51. Ra2 Bb6 52. Rb2 Ba5 53. Ra2 Bb6 54. Rb2 h3 55.
Rxb6 axb6 56. c7 h2 57. Qc8 Qh1 58. exf6+ Kxf6 59. Qc3+ Kf7 60. Qxg3 Qb7+ 61.
Kd8 Qe7+ 62. Kc8 e5 63. Qf3+ Qf6 64. Qb7+ Kf8 65. Qe4 Qd6 66. Kb7 Ke7 67. Ka6
Qd4 68. Qh7+ Kd6 69. Qg6+ Kd5 70. Qf7+ Kc5 71. Qc7+ Kb4 72. Qe7+ Qc5 73. Qh4+
Qc4+ 0-1

[Event "Druzynowe Mistrzostwa Polski Juniorow 2018 - II Liga"]
[Site "Szczyrk"]
[Date "1899-12-30"]
[Round "8.18"]
[White "Sloniewska, Alicja"]
[Black "Slusarczyk, Milena"]
[Result "1-0"]
[WhiteTitle "I"]
[BlackTitle "I+"]
[WhiteElo "1409"]
[BlackElo "1422"]

1. d4 d5 2. c4 e6 3. cxd5 exd5 4. Nc3 c6 5. Qc2 Bd6 6. e3 Ne7 7. Bd3 g6 8. Nf3
Bf5 9. Bd2 Nd7 10. Na4 Nf6 11. O-O O-O 12. b4 Bxd3 13. Qxd3 a6 14. Nc5 Qc8 15.
Rfc1 b6 16. Nb3 Ne4 17. a4 Qb7 18. Rc2 Rfc8 19. Rac1 b5 20. axb5 axb5 21. Na5
Qd7 22. Qe2 f6 23. Ra2 Bc7 24. Rca1 Bb6 25. Be1 Ra7 26. Qc2 Rca8 27. h3 Bxa5 28.
Rxa5 Rxa5 29. Rxa5 Rxa5 30. bxa5 Qb7 31. Bb4 Nc8 32. Nd2 Ncd6 33. Nxe4 Nxe4 34.
f3 Ng5 35. Qc5 Ne6 36. Qd6 Kf7 37. a6 Qc7 38. Bc5 f5 39. a7 Qb7 40. Qb8 Qc7 41.
Qa8 Qd8 1-0

[Event "Druzynowe Mistrzostwa Polski Juniorow 2018 - II Liga"]
[Site "Szczyrk"]
[Date "1899-12-30"]
[Round "8.19"]
[White "Hrymowicz, Artur"]
[Black "Pniaczek, Marek"]
[Result "0-1"]
[WhiteTitle "I++"]
[BlackTitle "CM"]
[WhiteElo "2123"]
[BlackElo "2082"]

1. e4 c5 2. Nf3 d6 3. d4 cxd4 4. Nxd4 Nf6 5. Nc3 a6 6. Be3 e5 7. Nb3 Be6 8. Qd2
Nbd7 9. f4 b5 10. O-O-O Be7 11. Kb1 Rc8 12. h3 h5 13. Be2 h4 14. Rhg1 Qc7 15.
f5 Bc4 16. Bd3 b4 17. Ne2 a5 18. g4 hxg3 19. Rxg3 Bf8 20. Ng1 a4 21. Nc1 Nc5 22.
Qg2 Bxd3 23. cxd3 b3 24. a3 Ncxe4 25. dxe4 Qc2+ 26. Ka1 Qxd1 27. Ne2 d5 28. Nc3
Rxc3 29. bxc3 Bxa3 30. Qe2 b2+ 0-1